Le carillonneur (Registro nro. 325122)

Detalles MARC
000 -ENCABEZADO
Número de control [NR] 01436nam a2200265 4500
005 - FECHA Y HORA DE LA ÚLTIMA TRANSACCIÓN
control field 20250206153235.0
008 - DE LONGITUD FIJA DE DATOS DE ELEMENTOS - INFORMACIÓN GENERAL
Elementos de longitud fija [NR] 250206b1923 fr ||||fr|||| 00| f fre d
040 ## - FUENTE DE CATALOGACION [NR]
Agencia de catalogación original [NR] CO-BoUCM
Idioma de catalogación [NR] spa
Quien Cataloga Sandra Yazo
Quien Clasifica Sandra Yazo
041 1# - CODIGO DE IDIOMA [R]
Código de idioma para texto/pista de sonido o título separado [R] Francés
082 04 - NUMERO DE CLASIFICACION DECIMAL DEWEY [R]
Número de la edición [NR] 20
Número de clasificación [R] 843.52
092 ## - SIGNATURA TOPOGRAFICA LOCAL
Número de clasificación local E54N029
100 1# - ASIENTO PRINCIPAL--NOMBRE PERSONAL [NR]
Nombre personal [NR] Rodenbach, Georges
Fechas asociadas con el nombre [NR] 1855-1898
ID Autoridad 184192
242 03 - TRADUCCION DEL TITULO POR LA AGENCIA CATALOGADORA [R]
Título [NR] El campanero
Mención de responsabilidad, etc. [NR] Jorge Rodenbach
245 13 - MENCION DE TITULO [NR]
Título [NR] Le carillonneur
Mención de responsabilidad, etc. [NR] Georges Rodenbach
260 ## - PUBLICACION, DISTRIBUCION, ETC. (PIE DE IMPRENTA) [R]
Lugar de publicación, distribución, etc. [R] París (Francia)
Nombre del editor, distribuidor, etc. [R] Bibliothèque Charpentier ; Eugène Fasquelle ; Impr. Darantiere [Biblioteca Charpentier ; Eugène Fasquelle ; Imprenta Darantiere]
Fecha de publicación, distribución, etc. [R] 1923
300 ## - DESCRIPCION FISICA [R]
Extensión [R] 325, [1] páginas
Dimensiones [R] 18 x 12 cm.
500 ## - NOTA GENERAL [R]
Nota general [NR] Detalles físicos: Sin encuadernación original, actualmente encuadernación rígida (holandesa): cartón forrado en papel con textura. Lomo en tela, con letras y líneas en dorado. Guardas. Hojas de cortesía. Anteportada. Portada impresa en una sola tinta. Texto impreso en una columna, con diferentes tipos y tamaños de letra. Cortes decorados con jaspeados de color rojo. Índice. Papel con oxidación en bordes, páginas 324 y 325 con papel desgado en esquina superior.
505 0# - NOTA DE CONTENIDO CON FORMATO PREESTABLECIDO [R]
Nota de contenido con formato preestablecido [NR] Partes I – III: El sueño ; El amor ; La acción.
506 ## - NOTA DE RESTRICCIONES DE ACCESO [R]
Condiciones de acceso [NR] Consulta en sala
546 ## - NOTA DE IDIOMA [R]
Nota de idioma [NR] Texto en francés
650 #7 - ASIENTO SECUNDARIO DE MATERIA - TERMINO TEMATICO [R]
9 (RLIN) 20471
Término temático o nombre geográfico como elemento de entrada [NR] Novela belga
650 #7 - ASIENTO SECUNDARIO DE MATERIA - TERMINO TEMATICO [R]
9 (RLIN) 18611
Término temático o nombre geográfico como elemento de entrada [NR] Literatura belga
690 ## - ASUNTO AGREGADO LOCAL DE ENTRADA - TÉRMINO TEMÁTICO (OCLC, RLIN)
Acceso temático local Literatura europea
9 (RLIN) 26524
942 ## - ELEMENTOS DE ENTRADA AGREGADOS (KOHA)
Sistema de clasificación LOCAL
Tipo de ítem principal el descrito en 300a Libro
Edición 1
Clasificación E54N029
Existencias
Suprimido Perdido Sistema de clasificación Dañado No prestable Tipo de ítem específico Ubicación habitual Ubicación actual Localización Fecha de creación Forma de adquisición Costo Total préstamos Signatura topográfica Código de barras Última vez visto Ejemplar Price effective from Tipo de ítem
    LOCAL     Libro archivo Archivo Histórico Archivo Histórico Archivo histórico 06/02/2025 Donación 0.00   E53N029 L007171 06/02/2025 Ej.1 06/02/2025 Libro